| LEADER 00000nam 2200000uu 4500 |
| 001 13399108296 |
| 003 ULIBM |
| 008 100928s2008||||th 000 0 tha d |
| 020 ^a9740934202
|
| 082 0 ^a080^b P576V
|
| 100 0 ^aPhra Dhammapitaka (Prayudh).
|
| 245 00 ^aVision of the Dhamma /^cBy Phra Dhammapitaka (Prayudh).
|
| 250 ^a3 rd ed.
|
| 260 ^aNakhon Pathom :^cWat Nyannavesakavan ,^c2008
|
| 300 ^a165 p. :^bill ;^c21 cm.
|
| 650 0 ^aBuddhism and philosophy.
|
| 650 0 ^aBuddhism^xDoctrines .
|
| 945 ^p0^l0^i36834
|
| 999 ^akanya
|
หนังสือดีน่าอ่าน

“ดั่งดวงแก้ว ส่องสว่าง ทางสายงาม”
จัดทำขึ้นเพื่อเฉลิมพระเกียรติ สมเด็จพระเทพรัตนราชสุดา ฯ สยามบรมราชกุมารี
เนื่องในโอกาสมหามงคลเฉลิมพระชนมพรรษา ๕ รอบ ๒ เมษายน ๒๕๕๘
โดยหนังสือเล่มนี้ได้รวบรวม ๖๐ พระอัจฉริยภาพของสมเด็จพระเทพ ฯ
ผู้อ่านจะได้รับแรงบันดาลใจให้พากเพียรเรียนรู้และขยันอดทนทำการงาน
ตามรอยเบื้องพระยุคลบาท เพราะพระองค์ทรงเป็นแบบอย่างอันดีเยี่ยมในทุกด้าน
ทั้งในความใฝ่รู้ใฝ่เรียน คุณธรรมจริยธรรม พระวิริยอุตสาหะในการทรงงาน
และอื่นๆอีกมากมาย ล้วนสามารถสร้างแรงบันดาลใจให้แก่เด็กและเยาวชน
อีกทั้งประชาชนทั่วไป ให้พากเพียรเรียนรู้และขยันอดทนทำการงานตามรอยพระยุคลบาท
เพื่อฝึกฝนตนเองให้เป็นคนดีคนเก่งของครอบครัวและสังคมต่อไป